[Event "HUN-chT2 Erkel 1213"]
[Site "Hungary"]
[Date "2012.11.04"]
[Round "3.7"]
[White "Sillye, Kalman"]
[Black "Csapo, Zoltan"]
[Result "1/2-1/2"]
[WhiteElo "2114"]
[BlackElo "2081"]
[PlyCount "110"]
[EventDate "2012.09.16"]
[EventType "team-tourn"]
[EventRounds "11"]
[EventCountry "HUN"]
[SourceTitle "EXT 2014"]
[Source "ChessBase"]
[SourceDate "2013.11.20"]
[SourceVersion "1"]
[SourceVersionDate "2013.11.20"]
[SourceQuality "1"]
[WhiteTeam "Foti"]
[BlackTeam "Vizugy"]
[WhiteTeamCountry "HUN"]
[BlackTeamCountry "HUN"]

1. d4 Nf6 2. Nf3 b5 3. Bf4 Bb7 4. Nbd2 e6 5. e3 b4 6. h3 Be7 7. Bh2 c5 8. Be2 cxd4 9. exd4 Nc6 10. 0-0 0-0 11. Re1 d6 12. Bd3 Nd5 13. Nc4 Kh8 14. Qe2 Rg8 15. Nxd6 Bxd6 16. Bxd6 Nxd4 17. Nxd4 Qxd6 18. Qe5 Qxe5 19. Rxe5 Nf4 20. Be4 Bxe4 21. Rxe4 g5 22. Nf3 Nd5 23. Ne5 Kg7 24. Nc6 a5 25. g3 Rgc8 26. Nd4 Kf6 27. Rae1 a4 28. f4 gxf4 29. gxf4 a3 30. bxa3 Rxa3 31. f5 e5 32. Rxe5 Nf4 33. Rb5 Rg8+ 34. Kf1 Nxh3 35. Rxb4 Rg1+ 36. Ke2 Rg2+ 37. Kd1 Rxa2 38. Kc1 Ra1+ 39. Rb1 Ra4 40. Rb6+ Kg5 41. Rd1 Ra1+ 42. Rb1 Rxb1+ 43. Kxb1 Nf2 44. Re1 h5 45. Re7 Kf6 46. Re8 h4 47. Rh8 h3 48. Nf3 Kxf5 49. Rxh3 Nxh3 50. Nh4+ Ke4 51. Nxg2 f5 52. Kc1 Ng1 53. Kd1 Nf3 54. Ke2 Nd4+ 55. Kd2 Nxc2 1/2-1/2

[Event "HUN-chT2 Erkel 1213"]
[Site "Hungary"]
[Date "2012.09.16"]
[Round "1.8"]
[White "Csapo, Zoltan"]
[Black "Szurovszky, Elek"]
[Result "0-1"]
[WhiteElo "2081"]
[BlackElo "2051"]
[PlyCount "92"]
[EventDate "2012.09.16"]
[EventType "team-tourn"]
[EventRounds "11"]
[EventCountry "HUN"]
[SourceTitle "EXT 2014"]
[Source "ChessBase"]
[SourceDate "2013.11.20"]
[SourceVersion "1"]
[SourceVersionDate "2013.11.20"]
[SourceQuality "1"]
[WhiteTeam "Vizugy"]
[BlackTeam "Szigetszentmiklos"]
[WhiteTeamCountry "HUN"]
[BlackTeamCountry "HUN"]

1. e4 e5 2. Nf3 Nc6 3. c3 Be7 4. d4 d6 5. Bb5 Bd7 6. 0-0 Nf6 7. Qe2 0-0 8. Rd1 exd4 9. cxd4 d5 10. e5 Ne4 11. Nc3 Bf5 12. h3 Nb4 13. Ba4 c6 14. a3 Na6 15. Bxc6 Nxc3 16. bxc3 bxc6 17. Qxa6 Qb6 18. Qxb6 axb6 19. Ne1 Ra4 20. Nd3 Rfa8 21. Nb4 Bxb4 22. cxb4 Rxb4 23. Rd2 Rc4 24. Bb2 Be6 25. f4 h5 26. Rf1 g6 27. Rf3 b5 28. Kf2 Raa4 29. Rb3 h4 30. Bc3 c5 31. Bb2 b4 32. axb4 cxb4 33. g4 hxg3+ 34. Rxg3 Bf5 35. h4 Ra2 36. h5 Rc2 37. Rxc2 Bxc2 38. Bc1 b3 39. hxg6 fxg6 40. Ke1 b2 41. Bxb2 Rxb2 42. Kd2 Be4+ 43. Kc3 Rg2 44. Rh3 Bf5 45. Rh1 Rc2+ 46. Kb4 Rc4+ 0-1